[Event "Women's Speed Chess Q3"]
[Site "chess.com INT"]
[Date "2021.05.30"]
[Round "12"]
[White "Luong, Phuong Hanh"]
[Black "Nguyen, Hong Anh"]
[Result "1/2-1/2"]
[WhiteTitle "WIM"]
[BlackTitle "WIM"]
[WhiteElo "2229"]
[BlackElo "1993"]
[WhiteFideId "12401013"]
[BlackFideId "12406732"]
[EventDate "2021.05.30"]

1. d4 Nf6 2. Nf3 g6 3. g3 Bg7 4. Bg2 O-O 5. O-O d5 6. c4 dxc4 7. Na3 Na6 8. Re1
c5 9. Nxc4 Be6 10. Nce5 Bd5 11. Bf4 Rc8 12. Rc1 Bxa2 13. dxc5 Nxc5 14. Qxd8
Rfxd8 15. Ra1 Bd5 16. Rxa7 Ne6 17. Be3 Ne8 18. h3 Nd6 19. b4 Nc4 20. Nxc4 Rxc4
21. Bb6 Rdc8 22. Nd2 Rxb4 23. Bxd5 Rxb6 24. Bxb7 Rd8 25. Nf3 Bc3 26. Rc1 Nd4 27.
Nxd4 Bxd4 28. e3 Bf6 29. Rc8 Rxc8 30. Bxc8 Kg7 31. Kg2 h5 32. Ba6 Rb2 33. Bd3
Rd2 34. Be4 Bg5 35. Kf3 Bf6 36. h4 Rb2 37. Kg2 Rd2 38. Bf3 Rb2 39. Bc6 Rc2 40.
Be4 Rb2 41. Bd5 Rd2 42. Bf3 Rc2 43. Be4 Rd2 44. Bf3 1/2-1/2

[Event "Women's Speed Chess Q3"]
[Site "chess.com INT"]
[Date "2021.05.30"]
[Round "12"]
[White "Purtseladze, Maka"]
[Black "Nomin-Erdene, Davaademberel"]
[Result "1-0"]
[WhiteTitle "IM"]
[BlackTitle "IM"]
[WhiteElo "2274"]
[BlackElo "2382"]
[WhiteFideId "13602659"]
[BlackFideId "4900782"]
[EventDate "2021.05.30"]

1. b3 e5 2. Bb2 Nc6 3. e3 d5 4. Bb5 f6 5. Bxc6+ bxc6 6. f4 e4 7. Ne2 Bd6 8. O-O
Ne7 9. Nd4 c5 10. Nb5 Ba6 11. Nxd6+ Qxd6 12. Rf2 O-O 13. Nc3 Bb7 14. Ba3 Bc6 15.
Ne2 a5 16. Rc1 a4 17. d4 exd3 18. cxd3 Qe6 19. Bxc5 axb3 20. axb3 Bb5 21. Nd4
Qd7 22. Nxb5 Qxb5 23. Bxe7 Rfe8 24. Bc5 c6 25. Rfc2 Qxb3 26. Bd4 Ra6 27. Qh5 Rc8
28. Qf5 Qb7 29. g4 Ra5 30. g5 fxg5 31. Qxg5 Ra6 32. Rc5 Qf7 33. Kh1 h6 34. Qg4
Rc7 35. Rg1 Qe8 36. Rc2 Ra3 37. Rcg2 Rxd3 38. Qf5 Qe4 39. Qxe4 dxe4 40. Rxg7+
Rxg7 41. Rxg7+ Kf8 42. Rc7 Rd1+ 43. Kg2 Rd2+ 44. Kh3 Rc2 45. Kg4 Rxh2 46. Kf5
Ke8 47. Ke6 Rc2 48. Rc8# 1-0

[Event "Women's Speed Chess Q3"]
[Site "chess.com INT"]
[Date "2021.05.30"]
[Round "12"]
[White "Ramirez, Maria Eugenia"]
[Black "Varney, Zoe"]
[Result "0-1"]
[WhiteTitle "WFM"]
[BlackTitle "WCM"]
[WhiteElo "2057"]
[BlackElo "1917"]
[WhiteFideId "3301680"]
[BlackFideId "436135"]
[EventDate "2021.05.30"]

1. e4 e5 2. Nf3 Nc6 3. Nc3 Nf6 4. Bb5 d6 5. Bxc6+ bxc6 6. d4 exd4 7. Qxd4 Be7 8.
O-O O-O 9. e5 dxe5 10. Qxd8 Rxd8 11. Nxe5 Bb7 12. Bg5 c5 13. Rfe1 h6 14. Be3 Bd6
15. Nd3 c4 16. Nf4 Re8 17. h3 Re7 18. Nfe2 a5 19. Nd4 Rae8 20. Nf5 Re5 21. Nxd6
cxd6 22. Red1 d5 23. Bd4 R5e7 24. Bxf6 gxf6 25. Kf1 Re5 26. Re1 d4 27. Na4 Bxg2+
28. Kxg2 Rxe1 29. Rxe1 Rxe1 30. c3 d3 31. Nb6 d2 32. Nxc4 d1=Q 33. Ne3 Rg1+ 34.
Kh2 Rh1+ 35. Kg2 Qg1+ 36. Kf3 Rxh3+ 37. Ke2 Rxe3+ 38. fxe3 Qg2+ 39. Kd3 Qxb2 40.
c4 Qxa2 41. Kd4 Qc2 42. c5 a4 43. Kd5 a3 44. c6 a2 45. Kd6 a1=Q 46. c7 Qe5+ 47.
Kd7 Qcxc7# 0-1

[Event "Women's Speed Chess Q3"]
[Site "chess.com INT"]
[Date "2021.05.30"]
[Round "12"]
[White "Sliwicka, Alicja"]
[Black "Linares Napoles, Oleiny"]
[Result "1-0"]
[WhiteTitle "WIM"]
[BlackTitle "WGM"]
[WhiteElo "2346"]
[BlackElo "2255"]
[WhiteFideId "1150677"]
[BlackFideId "3504794"]
[EventDate "2021.05.30"]

1. e4 d6 2. d4 Nf6 3. Nc3 g6 4. f4 Bg7 5. Nf3 c5 6. dxc5 Qa5 7. Bd3 Qxc5 8. Qe2
Bg4 9. Be3 Qa5 10. O-O Nc6 11. h3 Bxf3 12. Qxf3 O-O 13. Nd5 Rac8 14. Nxf6+ Bxf6
15. c3 e6 16. Rae1 Bg7 17. Bf2 f5 18. exf5 exf5 19. Bc4+ Kh8 20. Be6 Rce8 21.
Qd5 Qc7 22. Qd3 Re7 23. Bd5 Rfe8 24. Rxe7 Rxe7 25. Re1 h6 26. Rxe7 Qxe7 27. Qe3
Qxe3 28. Bxe3 Bf6 29. Bxc6 bxc6 30. Bxa7 c5 31. Bb8 Be7 32. a4 Kg8 33. a5 Bd8
34. a6 Bb6 35. a7 Bxa7 36. Bxa7 Kf7 37. b4 Ke6 38. b5 Kd7 39. b6 Kc6 40. c4 Kb7
41. Kf2 g5 42. fxg5 hxg5 43. g3 Ka6 44. h4 gxh4 45. gxh4 Kb7 46. h5 d5 47. cxd5
c4 48. Ke3 c3 49. Kd3 f4 50. Kxc3 f3 51. Kd2 f2 52. Ke2 f1=Q+ 53. Kxf1 1-0

[Event "Women's Speed Chess Q3"]
[Site "chess.com INT"]
[Date "2021.05.30"]
[Round "12"]
[White "Ambartsumova, Karina"]
[Black "Gevorgyan, Maria"]
[Result "1-0"]
[WhiteTitle "IM"]
[BlackTitle "WGM"]
[WhiteElo "2382"]
[BlackElo "2219"]
[WhiteFideId "4166299"]
[BlackFideId "13300270"]
[EventDate "2021.05.30"]

1. c4 c5 2. Nf3 Nc6 3. d4 cxd4 4. Nxd4 g6 5. Nc3 Nf6 6. Nc2 Bg7 7. e4 d6 8. Be2
O-O 9. O-O a5 10. Be3 a4 11. Rc1 Qa5 12. Na3 Be6 13. f3 Rfc8 14. Qd2 h5 15. Rfd1
Kh7 16. Nab5 Ne5 17. b3 axb3 18. axb3 Qd8 19. Nd4 Bd7 20. Nd5 Nxd5 21. exd5 Qf8
22. h3 Bh6 23. f4 Qh8 24. fxe5 Ra2 25. Rc2 Rxc2 26. Nxc2 Qxe5 27. Bxh6 Bxh3 28.
Bf4 Qf5 29. gxh3 Qxh3 30. Bf1 Qxb3 31. Nd4 Qa4 32. Re1 Qd7 33. Qe3 Qg4+ 34. Bg2
Rxc4 35. Ne2 h4 36. Qf3 Qf5 37. Bh2 Qg5 38. Nf4 b5 39. Nh3 Qh6 40. Rxe7 Rc1+ 41.
Bf1 Qd2 42. Qxf7+ 1-0

[Event "Women's Speed Chess Q3"]
[Site "chess.com INT"]
[Date "2021.05.30"]
[Round "12"]
[White "Soumya, Swaminathan"]
[Black "Batsiashvili, Nino"]
[Result "1-0"]
[WhiteTitle "IM"]
[BlackTitle "GM"]
[WhiteElo "2351"]
[BlackElo "2491"]
[WhiteFideId "5016193"]
[BlackFideId "13602993"]
[EventDate "2021.05.30"]

1. Nf3 f5 2. b3 Nf6 3. Bb2 g6 4. g3 Bg7 5. Bg2 O-O 6. O-O d6 7. d4 a5 8. c4 a4
9. Nbd2 c6 10. Qc2 a3 11. Bc3 Na6 12. e4 fxe4 13. Nxe4 Bf5 14. Nxf6+ Bxf6 15.
Qd2 Qd7 16. Rfe1 Bh3 17. Qh6 Bxg2 18. Kxg2 Bg7 19. Qh4 Rae8 20. Ng5 h6 21. Ne6
d5 22. Nxf8 Bxf8 23. Re3 Nc7 24. Rae1 e6 25. Qg4 Kh7 26. h4 h5 27. Qe2 Bh6 28.
Re5 Bg7 29. Re3 Rf8 30. f4 Re8 31. c5 Rf8 32. Qd2 Rf6 33. Bb4 Nb5 34. Qc1 Rf5
35. Bxa3 Nxd4 36. Bb2 e5 37. Bxd4 exd4 38. Re7 Qd8 39. Qd2 Kh8 40. Re8+ Qxe8 41.
Rxe8+ Kh7 42. Re7 Kh6 43. Rxb7 Bf6 44. Qe2 1-0

[Event "Women's Speed Chess Q3"]
[Site "chess.com INT"]
[Date "2021.05.30"]
[Round "12"]
[White "Varshini, V"]
[Black "Bommini, Mounika Akshaya"]
[Result "1-0"]
[WhiteTitle "WGM"]
[BlackTitle "WFM"]
[WhiteElo "2226"]
[BlackElo "2029"]
[WhiteFideId "5091241"]
[BlackFideId "25019872"]
[EventDate "2021.05.30"]

1. e4 Nc6 2. d4 e5 3. Nf3 exd4 4. Bc4 Nf6 5. e5 d5 6. Bb5 Ne4 7. Nxd4 Bc5 8. c3
O-O 9. Bxc6 bxc6 10. O-O Bd7 11. Nd2 Nxd2 12. Bxd2 Qe7 13. f4 f6 14. Re1 fxe5
15. Rxe5 Qf6 16. Kh1 Rae8 17. Qe2 Rxe5 18. fxe5 Qf2 19. Qe1 Bxd4 20. cxd4 Qxd4
21. e6 Be8 22. Bc3 Qg4 23. h3 Qg6 24. Qe5 Rf5 25. Qxc7 Rf2 26. Rg1 Re2 27. e7
Qf7 28. Qd8 Qxe7 29. Qa8 Qd7 30. Qb8 d4 31. Bb4 Re3 32. Qf4 Rxh3+ 33. gxh3 Qxh3+
34. Qh2 Qf3+ 35. Qg2 Qh3+ 36. Qxh3 1-0

[Event "Women's Speed Chess Q3"]
[Site "chess.com INT"]
[Date "2021.05.30"]
[Round "12"]
[White "Komiagina, Maria"]
[Black "Arpita, Mukherjee"]
[Result "1-0"]
[WhiteTitle "WIM"]
[BlackTitle "WIM"]
[WhiteElo "2241"]
[BlackElo "2206"]
[WhiteFideId "4153987"]
[BlackFideId "5056403"]
[EventDate "2021.05.30"]

1. d4 Nf6 2. Nf3 g6 3. Bf4 Bg7 4. Nbd2 d6 5. e4 O-O 6. Bd3 c6 7. Qe2 Nbd7 8.
O-O-O b5 9. e5 Nd5 10. Bg3 Qa5 11. Kb1 Nb4 12. a3 Nxd3 13. Qxd3 d5 14. h4 h5 15.
e6 Nb6 16. exf7+ Rxf7 17. Ne5 Bf5 18. Qe3 Nc4 19. Ndxc4 bxc4 20. Nxf7 Kxf7 21.
Be5 Bf8 22. f3 e6 23. g4 hxg4 24. fxg4 Be4 25. Rhf1+ Kg8 26. h5 c3 27. hxg6 cxb2
28. g7 Bxa3 29. Qh6 Bxc2+ 30. Kxc2 b1=Q+ 31. Rxb1 Qa4+ 32. Kd3 Qa6+ 33. Ke3 Bc1+
34. Rbxc1 Qa3+ 35. Kd2 Qb2+ 36. Kd1 Qb3+ 37. Ke2 Qb2+ 38. Kf3 Qa3+ 39. Kg2 Qb2+
40. Rf2 Qxc1 41. Qh8# 1-0

[Event "Women's Speed Chess Q3"]
[Site "chess.com INT"]
[Date "2021.05.30"]
[Round "12"]
[White "Makhija, Aashna"]
[Black "Rakshitta, Ravi"]
[Result "1-0"]
[WhiteTitle "WIM"]
[BlackTitle "WIM"]
[WhiteElo "1969"]
[BlackElo "2190"]
[WhiteFideId "25011944"]
[BlackFideId "25073230"]
[EventDate "2021.05.30"]

1. e4 e5 2. Nf3 Nc6 3. Bc4 Bc5 4. O-O Nf6 5. d3 d5 6. exd5 Nxd5 7. Re1 O-O 8.
Nxe5 Qh4 9. g3 Qf6 10. Nf3 Nb6 11. Bg5 Qg6 12. Bb5 Bg4 13. Bxc6 Qxc6 14. Nbd2 h6
15. Be3 Bxe3 16. Rxe3 Nd5 17. Re4 f5 18. Re5 Nf6 19. Kg2 Rae8 20. Qe1 Qd6 21.
Re3 f4 22. Rxe8 Rxe8 23. Qf1 fxg3 24. hxg3 Nd5 25. Re1 Rxe1 26. Qxe1 Qg6 27. Qe4
Qxe4 28. Nxe4 Nb4 29. Nc5 Nxa2 30. Nxb7 Be6 31. Nc5 Bd5 32. c4 Bc6 33. d4 Nb4
34. d5 Ba8 35. Nd4 a5 36. Nce6 c6 37. dxc6 1-0

[Event "Women's Speed Chess Q3"]
[Site "chess.com INT"]
[Date "2021.05.30"]
[Round "12"]
[White "Ziegenfuss, Antonia"]
[Black "Pandey, Srishti"]
[Result "0-1"]
[WhiteTitle "WFM"]
[BlackTitle "WFM"]
[WhiteElo "2157"]
[BlackElo "2026"]
[WhiteFideId "12962554"]
[BlackFideId "35093290"]
[EventDate "2021.05.30"]

1. d4 Nf6 2. c4 c5 3. d5 b5 4. cxb5 a6 5. bxa6 Bxa6 6. Nc3 d6 7. e4 g6 8. Bxa6
Nxa6 9. Nf3 Bg7 10. O-O O-O 11. a4 Qb6 12. Qc2 Rfb8 13. Nb5 Nb4 14. Qb1 Nd7 15.
Bd2 Qb7 16. Bxb4 cxb4 17. Rc1 Nc5 18. Ra2 b3 19. Ra3 Rxa4 20. Rxa4 Nxa4 21. Nbd4
Nc5 22. Nc6 Ra8 23. Nfd4 e6 24. Rc3 exd5 25. exd5 Bxd4 26. Nxd4 Qxd5 27. Nf3 Ne4
28. Re3 Nc5 29. h3 Ra2 30. Qc1 Ra8 31. Qc3 Qd1+ 32. Re1 Qd5 33. Qf6 Ne4 34. Qf4
Nc5 35. Re7 Qf5 36. Qxd6 Ra1+ 37. Kh2 Ne4 38. Re8+ Kg7 39. Qd4+ Nf6 40. Rd8 Ra6
41. Ne5 Re6 42. Nd7 h6 43. Qb4 Nxd7 44. Rxd7 Qe5+ 45. g3 Qxb2 46. Rd8 Qxf2+ 47.
Kh1 Re1+ 48. Qxe1 Qxe1+ 49. Kg2 Qe2+ 50. Kg1 b2 51. Rb8 Qe3+ 52. Kg2 Qe4+ 53.
Kf2 b1=Q 54. Rxb1 Qxb1 0-1

[Event "Women's Speed Chess Q3"]
[Site "chess.com INT"]
[Date "2021.05.30"]
[Round "12"]
[White "Starosta, Martyna"]
[Black "Socko, Monika"]
[Result "0-1"]
[WhiteTitle "WCM"]
[BlackTitle "GM"]
[WhiteElo "1910"]
[BlackElo "2421"]
[WhiteFideId "21818754"]
[BlackFideId "1106619"]
[EventDate "2021.05.30"]

1. e4 g6 2. d4 d6 3. Nc3 Bg7 4. Be3 c6 5. Qd2 b5 6. a3 Bb7 7. Nf3 Nd7 8. Bd3 a5
9. O-O Ngf6 10. h3 O-O 11. Bg5 Re8 12. e5 b4 13. axb4 axb4 14. Rxa8 Qxa8 15.
exf6 bxc3 16. Qxc3 Nxf6 17. Qd2 c5 18. Nh4 cxd4 19. Bb5 Rc8 20. Qxd4 Ne4 21. Qe3
Nxg5 22. Qxg5 Rc5 23. Qxe7 Rxb5 24. Re1 h6 25. c3 Rxb2 26. Qd7 Bd5 27. Re8+ Qxe8
28. Qxe8+ Bf8 29. Kh2 Be6 30. Qd8 Rc2 31. Qf6 Bg7 32. Qd8+ Bf8 33. Qf6 Bg7 34.
Qf3 Rxc3 35. Qa8+ Kh7 36. Qd8 Be5+ 37. g3 Rc2 38. Kg1 Bd5 39. Ng2 Bd4 40. Qxd6
Bxf2+ 41. Kh2 Bxg2 42. Qf6 Bd5 43. h4 Be3+ 44. Kh3 Be6+ 45. g4 Rf2 46. Kg3 Rxf6 0-1

[Event "Women's Speed Chess Q3"]
[Site "chess.com INT"]
[Date "2021.05.30"]
[Round "12"]
[White "Tanishka, Kotia"]
[Black "Kanyamarala, Trisha"]
[Result "1/2-1/2"]
[WhiteTitle "WFM"]
[BlackTitle "WIM"]
[WhiteElo "1849"]
[BlackElo "2180"]
[WhiteFideId "25005600"]
[BlackFideId "45004722"]
[EventDate "2021.05.30"]

1. e4 c5 2. c3 Nf6 3. e5 Nd5 4. d4 cxd4 5. cxd4 Nc6 6. Nf3 d6 7. Bc4 e6 8. O-O
Be7 9. exd6 Qxd6 10. Nc3 Nxc3 11. bxc3 O-O 12. Be3 a6 13. Rb1 b5 14. Bd3 Bb7 15.
Qd2 h6 16. Rfe1 Rfd8 17. Bxh6 e5 18. Bg5 exd4 19. Bxe7 Nxe7 20. Nxd4 Ng6 21.
Bxg6 Qxg6 22. f3 Rac8 23. Qe3 Re8 24. Qf2 Red8 25. Rbc1 Qf6 26. Re2 b4 27. Rec2
bxc3 28. Nb3 Bd5 29. Qe3 Bxb3 30. axb3 Qc6 31. Rxc3 Qb7 32. Rxc8 Rxc8 33. Rxc8+
Qxc8 34. h3 Qb7 35. Qd3 Kh8 36. Qd8+ Kh7 37. Qd3+ g6 38. Qc4 Qb6+ 39. Kh2 Kg7
40. Qc3+ Kg8 41. Qc4 Qd6+ 42. Kh1 Qd1+ 43. Kh2 Qd6+ 44. Kh1 Qd1+ 45. Kh2 Qd6+ 1/2-1/2

[Event "Women's Speed Chess Q3"]
[Site "chess.com INT"]
[Date "2021.05.30"]
[Round "12"]
[White "Zawadzka, Jolanta"]
[Black "Vo, Thi Kim Phung"]
[Result "1/2-1/2"]
[WhiteTitle "WGM"]
[BlackTitle "WGM"]
[WhiteElo "2399"]
[BlackElo "2335"]
[WhiteFideId "1122320"]
[BlackFideId "12401838"]
[EventDate "2021.05.30"]

1. e4 e6 2. d4 d5 3. Nc3 Nf6 4. e5 Nfd7 5. f4 c5 6. Nf3 Nc6 7. Be3 Be7 8. Qd2 c4
9. g3 b5 10. a3 a6 11. Bg2 O-O 12. O-O Nb6 13. Ne2 Rb8 14. c3 a5 15. Ne1 b4 16.
axb4 axb4 17. g4 g6 18. Ng3 f5 19. exf6 Bxf6 20. Nf3 Bd7 21. Ne5 Bg7 22. Nxc6
Bxc6 23. cxb4 Nc8 24. Bh3 Nd6 25. Bf2 Qb6 26. Rfe1 Bd7 27. f5 exf5 28. gxf5 Nxf5
29. Nxf5 Bxf5 30. Bxf5 Rxf5 31. Bg3 Rbf8 32. Kh1 Bxd4 33. Rad1 Bg7 34. Qg2 d4
35. Re7 Qf6 36. Ree1 c3 37. bxc3 dxc3 38. Rc1 Rf3 39. Be5 Qf5 40. Bxg7 Kxg7 41.
Re7+ Rf7 42. Rxf7+ Qxf7 43. Qe2 Qf6 44. b5 Rf2 45. Qe4 Rf1+ 46. Kg2 Rxc1 47. b6
Qf1+ 48. Kg3 Qg1+ 49. Kh3 Qxb6 50. Qe7+ Kh6 51. Qh4+ Kg7 52. Qe7+ Kg8 53. Qe8+
Kg7 54. Qe7+ 1/2-1/2

[Event "Women's Speed Chess Q3"]
[Site "chess.com INT"]
[Date "2021.05.30"]
[Round "12"]
[White "Froewis, Annika"]
[Black "Swati, Mohota"]
[Result "0-1"]
[WhiteTitle "WFM"]
[BlackTitle "WFM"]
[WhiteElo "2143"]
[BlackElo "2027"]
[WhiteFideId "1621432"]
[BlackFideId "5006511"]
[EventDate "2021.05.30"]

1. e4 Nf6 2. e5 Nd5 3. c4 Nb6 4. d4 d6 5. exd6 cxd6 6. Nc3 g6 7. h4 Bg7 8. h5
Be6 9. b3 Nc6 10. Be3 d5 11. c5 Nc8 12. hxg6 hxg6 13. Rxh8+ Bxh8 14. Nf3 Bf5 15.
Bd3 Nb4 16. Bxf5 gxf5 17. a3 Nc6 18. b4 e6 19. Bg5 Bf6 20. Bf4 N8e7 21. Qd2 Ng6
22. Bg5 Bxg5 23. Nxg5 Nxd4 24. Nxf7 Nf3+ 25. gxf3 Kxf7 26. O-O-O Qf6 27. Rg1 Rh8
28. Kc2 Rh2 29. Nb5 a6 30. Nd6+ Ke7 31. Qe3 Ne5 32. Re1 Nc4 33. Qe2 Qb2+ 34. Kd3
Qxe2+ 35. Rxe2 Nxd6 36. cxd6+ Kxd6 37. Kd4 e5+ 38. Kd3 e4+ 39. fxe4 fxe4+ 40.
Kd4 Rh3 41. Rc2 Rxa3 42. Rb2 Rf3 0-1

[Event "Women's Speed Chess Q3"]
[Site "chess.com INT"]
[Date "2021.05.30"]
[Round "12"]
[White "Bodnaruk, Anastasia"]
[Black "Koridze, Lile"]
[Result "1-0"]
[WhiteTitle "IM"]
[BlackTitle "WFM"]
[WhiteElo "2457"]
[BlackElo "2016"]
[WhiteFideId "4181751"]
[BlackFideId "13612514"]
[EventDate "2021.05.30"]

1. e4 c5 2. Nc3 Nc6 3. Bb5 e6 4. Bxc6 bxc6 5. d3 d5 6. f4 Be7 7. Nf3 Nf6 8. e5
Nd7 9. O-O O-O 10. Kh1 Ba6 11. Re1 c4 12. d4 c5 13. Be3 cxd4 14. Nxd4 Nc5 15. f5
Rc8 16. Rf1 Bg5 17. Bg1 exf5 18. Nxf5 Bb7 19. Qg4 Ne6 20. Rad1 Kh8 21. Nd6 Qe7
22. Nxd5 Bxd5 23. Rxd5 Rb8 24. b3 cxb3 25. axb3 Nc7 26. Ra5 Ne6 27. h4 Bh6 28.
Nf5 Qc7 29. Rd5 Qxc2 30. Rd7 Qxb3 31. Nxh6 gxh6 32. Rfxf7 Rxf7 33. Rxf7 Rg8 34.
Qf5 Ng7 35. Qf6 Qg3 36. e6 Qg6 37. Qxg6 hxg6 38. e7 Re8 39. Bd4 Kg8 40. Rxg7+
Kh8 41. Rxg6+ Kh7 42. Rg7+ Kh8 43. g4 a5 44. Kg2 a4 45. Kf3 a3 46. Ke4 a2 47.
Kd5 a1=Q 48. Bxa1 Rxe7 49. Rxe7+ Kg8 50. Ke5 Kf8 51. Kf6 Kg8 52. Kg6 Kf8 53. Bf6
Kg8 54. Re8# 1-0

[Event "Women's Speed Chess Q3"]
[Site "chess.com INT"]
[Date "2021.05.30"]
[Round "12"]
[White "Nurmanova, Alua"]
[Black "Pham, Le Thao Nguyen"]
[Result "0-1"]
[WhiteTitle "WFM"]
[BlackTitle "IM"]
[WhiteElo "2008"]
[BlackElo "2369"]
[WhiteFideId "13729390"]
[BlackFideId "12401226"]
[EventDate "2021.05.30"]

1. e4 c6 2. d4 d5 3. e5 Bf5 4. h4 h5 5. Bd3 Bxd3 6. Qxd3 Qa5+ 7. Bd2 Qa6 8. e6
Qxd3 9. exf7+ Kxf7 10. cxd3 Nd7 11. Nf3 g6 12. O-O Bg7 13. Re1 Bf6 14. Nc3 Nh6
15. Bg5 Nf5 16. g3 Rhe8 17. Ne2 Nf8 18. Ne5+ Kg7 19. f4 Ne6 20. Nf3 Bxd4+ 21.
Nexd4 Nexd4 22. Nxd4 Nxd4 23. Rxe7+ Rxe7 24. Bxe7 Kf7 25. Bc5 Nf5 26. Kf2 b6 27.
Ba3 Re8 28. Rc1 c5 29. b4 Re3 30. bxc5 bxc5 31. Bxc5 Rxd3 32. a4 a6 33. Rb1 Rxg3
34. Rb7+ Ke8 35. Rb6 d4 36. Rxa6 d3 37. Rf6 Rg4 38. Bb4 Rxf4+ 39. Ke1 Rxb4 40.
a5 Ra4 41. a6 Nxh4 42. Kd2 Ke7 43. Rb6 Ra3 44. Rb7+ Kf6 45. a7 Nf5 46. Rb6+ Kg5
47. Rb7 h4 48. Rh7 Kg4 49. a8=Q Rxa8 50. Kxd3 Ra3+ 0-1

[Event "Women's Speed Chess Q3"]
[Site "chess.com INT"]
[Date "2021.05.30"]
[Round "12"]
[White "Enkhtuul, Altan-Ulzii"]
[Black "Berend, Elvira"]
[Result "0-1"]
[WhiteTitle "WGM"]
[BlackTitle "WGM"]
[WhiteElo "2228"]
[BlackElo "2326"]
[WhiteFideId "4901444"]
[BlackFideId "4000510"]
[EventDate "2021.05.30"]

1. b4 e5 2. Bb2 Bxb4 3. Bxe5 Nf6 4. Nf3 Nc6 5. Bb2 O-O 6. e3 Re8 7. Be2 Bf8 8.
O-O d5 9. c4 Bg4 10. cxd5 Nxd5 11. d4 h6 12. h3 Bh5 13. Nc3 Ncb4 14. a3 Nxc3 15.
Bxc3 Nd5 16. Bb2 c6 17. Qc2 Rc8 18. e4 Nf4 19. Bd1 b6 20. Bc1 Bxf3 21. Bxf3 Ne6
22. Bg4 Nxd4 23. Qb2 Rc7 24. Rd1 c5 25. Be3 Qf6 26. Bxd4 cxd4 27. Qxd4 Qxd4 28.
Rxd4 Bc5 29. Ra4 g6 30. Bf3 Kg7 31. Kf1 Rd8 32. Rd1 Rcd7 33. Rd5 Kf6 34. Ke2 a5
35. Rc4 Rxd5 36. exd5 Re8+ 37. Re4 Rxe4+ 38. Bxe4 Ke5 39. Kd3 Bxa3 40. g3 f5 41.
f4+ Kd6 42. Bf3 b5 43. g4 Bc1 44. h4 fxg4 45. Bxg4 Bxf4 46. h5 gxh5 47. Bxh5 a4
48. Bf3 Be5 49. Kc2 b4 50. Kb1 b3 51. Kc1 a3 52. Kb1 a2+ 53. Kc1 a1=Q+ 54. Kd2
Qc3+ 0-1

[Event "Women's Speed Chess Q3"]
[Site "chess.com INT"]
[Date "2021.05.30"]
[Round "12"]
[White "Voit, Daria"]
[Black "Kiolbasa, Oliwia"]
[Result "1-0"]
[WhiteTitle "WGM"]
[BlackTitle "WIM"]
[WhiteElo "2360"]
[BlackElo "2255"]
[WhiteFideId "4182146"]
[BlackFideId "1154613"]
[EventDate "2021.05.30"]

1. Nf3 d5 2. c4 dxc4 3. e3 Nf6 4. Bxc4 e6 5. O-O a6 6. d4 b5 7. Be2 Bb7 8. a4 b4
9. Nbd2 Nbd7 10. Nb3 c5 11. Bd2 Be7 12. Rc1 Rc8 13. Bd3 O-O 14. Qe2 a5 15. Bb5
cxd4 16. Nfxd4 Nc5 17. Nxc5 Bxc5 18. Nb3 Be7 19. f3 Qb6 20. Kh1 Bd5 21. Na1 Bc6
22. Bxc6 Rxc6 23. Nb3 Rfc8 24. e4 h6 25. Be3 Qc7 26. Rxc6 Qxc6 27. Rc1 Qd7 28.
Rxc8+ Qxc8 29. Nxa5 Nd7 30. Qc4 Qa8 31. Nc6 Bf6 32. a5 Bxb2 33. Qxb4 Qxc6 34.
Qxb2 Qa4 35. Qd2 Ne5 36. Bg1 Nc4 37. Qd4 Qb5 38. Qd8+ Kh7 39. Qc7 Nxa5 40. Qxf7
Nc4 41. h3 Qb1 42. Qxe6 Nd2 43. Qf5+ Kg8 44. Qd5+ Kh7 45. Qxd2 Qb5 46. Qe3 Qe5
47. f4 Qb2 48. e5 Qb7 49. e6 Qe7 50. f5 Kh8 51. Qe4 Qe8 52. Bd4 Qe7 53. Qe5 Kg8
54. Qxg7+ Qxg7 55. Bxg7 Kxg7 56. g4 Kf6 57. Kg2 Ke7 58. Kg3 Kf6 59. Kf4 Ke7 60.
h4 1-0

[Event "Women's Speed Chess Q3"]
[Site "chess.com INT"]
[Date "2021.05.30"]
[Round "12"]
[White "Osmak, Iulija"]
[Black "Morris-Suzuki, Sophie"]
[Result "1-0"]
[WhiteTitle "IM"]
[BlackTitle "WFM"]
[WhiteElo "2425"]
[BlackElo "2043"]
[WhiteFideId "14101602"]
[BlackFideId "30922615"]
[EventDate "2021.05.30"]

1. b4 d5 2. Bb2 e6 3. e3 Nf6 4. b5 Bd7 5. a4 c5 6. Nf3 a6 7. c4 dxc4 8. Bxc4
axb5 9. axb5 Rxa1 10. Bxa1 Qa5 11. Nc3 Bd6 12. O-O O-O 13. Qb3 Qc7 14. h3 Bc8
15. d4 Nbd7 16. d5 exd5 17. Nxd5 Nxd5 18. Bxd5 Ne5 19. Qc3 Re8 20. Qc2 Be6 21.
Bxe6 Nxf3+ 22. gxf3 Rxe6 23. Qf5 h6 24. Kh1 Be5 25. Bxe5 Rxe5 26. Qf4 Qe7 27.
Rg1 Qe6 28. Rg3 Rh5 29. Kg2 Rf5 30. Qb8+ Kh7 31. Qxb7 h5 32. Qe4 Qf6 33. f4 g6
34. Kh2 c4 35. Qxc4 Qb6 36. Rg5 Rf6 37. Re5 Kg7 38. Rd5 Qa5 39. Qd4 Qe1 40. Qd2
Qf1 41. Re5 Re6 42. Rxe6 fxe6 43. Kg3 Qxb5 44. Qd4+ Kh7 45. Qe4 Qf5 46. Qxf5
gxf5 47. Kh4 Kg6 48. f3 Kh6 49. e4 Kg6 50. Kg3 Kh6 51. Kf2 Kg6 52. Ke3 Kf6 53.
Kd4 h4 54. Ke3 e5 55. fxe5+ Kxe5 56. f4+ Kf6 57. e5+ Ke6 58. Kd4 Kd7 59. Kd5 Ke7
60. e6 Ke8 61. Ke5 Ke7 62. Kxf5 Kd6 63. Kf6 Kd5 64. e7 Ke4 65. e8=Q+ Kxf4 66.
Qe1 Kf3 67. Qxh4 Kg2 68. Qg4+ Kh2 69. h4 Kh1 70. h5 Kh2 71. h6 Kh1 72. h7 Kh2
73. h8=Q# 1-0

[Event "Women's Speed Chess Q3"]
[Site "chess.com INT"]
[Date "2021.05.30"]
[Round "12"]
[White "Sviridova, Vlada"]
[Black "Pourkashiyan, Atousa"]
[Result "0-1"]
[WhiteTitle "WFM"]
[BlackTitle "WGM"]
[WhiteElo "2144"]
[BlackElo "2322"]
[WhiteFideId "24109606"]
[BlackFideId "12502014"]
[EventDate "2021.05.30"]

1. d4 Nf6 2. c4 e6 3. Nf3 d5 4. Nc3 Be7 5. Bf4 O-O 6. e3 c5 7. dxc5 Bxc5 8. cxd5
Nxd5 9. Nxd5 exd5 10. Bd3 Bb4+ 11. Nd2 d4 12. Qc2 dxe3 13. Bxe3 h6 14. O-O Nc6
15. a3 Bd6 16. Ne4 Bb8 17. Rad1 Qh4 18. Ng3 Bg4 19. f3 Be6 20. Bf2 Qf4 21. Rde1
Ne5 22. Re4 Qf6 23. Be2 Ng6 24. Rd1 Bf4 25. Bd4 Qe7 26. Nf5 Qc7 27. Qxc7 Bxc7
28. Nxg7 Rfd8 29. Nxe6 fxe6 30. Rxe6 Nf4 31. Re4 Nxe2+ 32. Rxe2 Bb6 33. Red2
Rxd4 34. Rxd4 Rd8 35. Kf1 Rxd4 36. Rc1 Rd2 37. Rc8+ Kf7 38. b4 Rf2+ 39. Ke1 Rxg2
40. Rb8 Rxh2 41. Rxb7+ Ke6 42. a4 Rb2 43. a5 Bd4 44. f4 Kf5 45. Rf7+ Kg4 46. Rh7
h5 47. f5 h4 48. a6 Rxb4 49. Ke2 Rb3 50. Kf1 h3 51. f6 Bxf6 52. Kf2 Bd4+ 53. Kf1
Rb1+ 54. Ke2 Rb2+ 55. Kf1 Bb6 56. Rh8 Rf2+ 57. Ke1 h2 58. Rg8+ Kh3 59. Rh8+ Kg2
60. Rg8+ Kf3 61. Rf8+ Kg3 62. Rg8+ Kf4 63. Rf8+ Ke4 64. Re8+ Kd5 65. Rh8 Rg2 66.
Kf1 Rg1+ 67. Ke2 h1=Q 0-1